A critical study of the process of appointment in Central Civil Services (Record no. 501952)

000 -LEADER
fixed length control field 00491cam a22001337a 4500
008 - FIXED-LENGTH DATA ELEMENTS--GENERAL INFORMATION
fixed length control field 180718b2010 xxu||||| |||| 00| 0 eng d
082 ## - DEWEY DECIMAL CLASSIFICATION NUMBER
Classification number APPPA 2009-10/KUM
100 ## - MAIN ENTRY--PERSONAL NAME
Personal name Smita Kumar
245 ## - TITLE STATEMENT
Title A critical study of the process of appointment in Central Civil Services
Statement of responsibility, etc. by Smita Kumar
260 ## - PUBLICATION, DISTRIBUTION, ETC.
Place of publication, distribution, etc. New Delhi
Name of publisher, distributor, etc. Indian Institute of Public Administration
Date of publication, distribution, etc. 2010
300 ## - PHYSICAL DESCRIPTION
Extent 106p.
500 ## - GENERAL NOTE
General note An APPPA M.Phil dissertion, 2009-10 (Guide: Dr. Lokendra Malik)
650 ## - SUBJECT ADDED ENTRY--TOPICAL TERM
Topical term or geographic name entry element Civil Services -India
Holdings
Withdrawn status Lost status Damaged status Not for loan Permanent Location Current Location Date acquired Full call number Barcode Date last seen Price effective from Koha item type
        Indian Institute of Public Administration Indian Institute of Public Administration 2018-08-04 APPPA 2009-10/KUM GR18521 2018-08-04 2018-08-04 GR

Powered by Koha